Score 0/25 Timer 07:00
3 Plays Today
% Correct
Alice's Adventures in Wonderland
91.8%
Julius Caesar
85.6%
Nineteen Eighty Four
85.4%
Frankenstein
84.9%
Charlotte's Web
83.5%
Fight Club
81.6%
The Scarlet Letter
80.3%
The Great Gatsby
78.1%
Hamlet
76%
The Hitchhiker's Guide to the Galaxy
72.5%
Don Quixote
70%
Lord of the Flies
65.8%
The Grapes of Wrath
65.2%
% Correct
Beowulf
62.7%
Macbeth
59.7%
The Lord of the Rings
58.1%
The Catcher in the Rye
52.8%
Lolita
44.5%
No Country for Old Men
43.6%
Waiting for Godot
42.7%
Brave New World
42.6%
Cat's Cradle
25.6%
The Sound and the Fury
25.4%
The Stand
20.5%
Anthem
20.2%
Remove Ads.
Support Sporcle.
Get the best of Sporcle when you Go Orange. This ad-free experience offers more features, more stats, and more fun while also helping to support Sporcle. Thank you for becoming a member.

You're not logged in!

Compare scores with friends on all Sporcle quizzes.
OR
Log In

Show Comments

Extras

Top Quizzes Today


Score Distribution

Your Account Isn't Verified!

In order to create a playlist on Sporcle, you need to verify the email address you used during registration. Go to your Sporcle Settings to finish the process.

Report this User

Report this user for behavior that violates our Community Guidelines.

Details: